00233nam a2200097Ia 4500008004100000082001200041100002500053245003800078260000900116300001000125190415s9999 xx 000 0 und d aRK.013; aKhandekar, Mandakini 0aChildren and youth in Maharashtra c1976 a250p.